00493nam a22001457a 4500003000400000005001700004008004100021040001400062100003300076245006500109260000900174300003100183500010700214504002600321OSt20171010095447.0120619t xxu||||| |||| 00| 0 eng d aMMSUcULS aCudal, Nelly Car C., et al.  aWireless basketball scoreboard cNelly Car C. Cudal, et al.  c2007 axv, [179] leaves c28 cm.  aThesis (BS Computer Engineering) -- Mariano Marcos State University-College of Engineering, Batac City aBibliography: leaf 50